[Event "FRA-chT2S 9798"]
[Site "France"]
[Date "1998.??.??"]
[Round "10"]
[White "Lebel Arias, Julia"]
[Black "Caffenne, Philippe"]
[Result "1-0"]
[WhiteElo "2105"]
[BlackElo "1825"]
[PlyCount "70"]
[EventDate "1997.??.??"]
[EventType "team"]
[EventRounds "9"]
[EventCountry "FRA"]
[SourceTitle "EXT 2003"]
[Source "ChessBase"]
[SourceDate "2002.11.25"]
[SourceVersion "1"]
[SourceVersionDate "2002.11.25"]
[SourceQuality "1"]

1. d4 Nf6 2. Nf3 e6 3. Bg5 h6 4. Bxf6 Qxf6 5. e4 b6 6. Bd3 Bb7 7. Qe2 Nc6 8. c3 g6 9. e5 Qg7 10. Nbd2 0-0-0 11. 0-0-0 g5 12. Ne1 d6 13. exd6 cxd6 14. Nc2 Kb8 15. Ne3 Rc8 16. Kb1 h5 17. Nb3 Ne7 18. Rhg1 Ng6 19. Bc2 d5 20. g3 Bd6 21. f4 h4 22. Ng4 hxg3 23. hxg3 Ne7 24. Ne5 Bxe5 25. dxe5 Rh3 26. g4 Ng6 27. Rdf1 Rch8 28. Nd4 Rh2 29. Rg2 Rh1 30. Rgf2 a6 31. a4 R8h3 32. Rxh1 Rxh1+ 33. Ka2 Qh8 34. Nxe6 fxe6 35. Bxg6 Qd8 1-0